Annual Report Of The Librarian Of Congress 1985 (Record no. 1364094)

MARC details
000 -LEADER
fixed length control field 00654nam a2200253Ia 4500
008 - FIXED-LENGTH DATA ELEMENTS--GENERAL INFORMATION
fixed length control field 160321s9999||||xx |||||||||||||| ||und||
040 ## - CATALOGING SOURCE
Transcribing agency English
082 ## - DEWEY DECIMAL CLASSIFICATION NUMBER
Classification number XVC
082 ## - DEWEY DECIMAL CLASSIFICATION NUMBER
Item number BORI-52261
245 ## - TITLE STATEMENT
Title Annual Report Of The Librarian Of Congress 1985
260 ## - PUBLICATION, DISTRIBUTION, ETC. (IMPRINT)
Place of publication, distribution, etc Washington
260 ## - PUBLICATION, DISTRIBUTION, ETC. (IMPRINT)
Name of publisher, distributor, etc Library Of Congress
260 ## - PUBLICATION, DISTRIBUTION, ETC. (IMPRINT)
Date of publication, distribution, etc 1986
300 ## - PHYSICAL DESCRIPTION
Extent XIII+300
300 ## - PHYSICAL DESCRIPTION
Dimensions B
300 ## - PHYSICAL DESCRIPTION
Accompanying material Hardbound
530 ## - ADDITIONAL PHYSICAL FORM AVAILABLE NOTE
Uniform Resource Identifier <a href="00011454.pdf">00011454.pdf</a>
563 ## - BINDING INFORMATION
Binding note Reference
630 ## - SUBJECT ADDED ENTRY--UNIFORM TITLE
Uniform title Annual Report Of The Librarian Of Congress 1985
650 ## - SUBJECT ADDED ENTRY--TOPICAL TERM
Topical term or geographic name as entry element Reference
650 ## - SUBJECT ADDED ENTRY--TOPICAL TERM
Topical term or geographic name as entry element Reports
730 ## - ADDED ENTRY--UNIFORM TITLE
Uniform title Annual Report Of The Librarian Of Congress 1985
942 ## - ADDED ENTRY ELEMENTS (KOHA)
Koha item type Book
Holdings
Withdrawn status Lost status Damaged status Not for loan Home library Current library Date acquired Total Checkouts Full call number Barcode Date last seen Price effective from Koha item type
        Bhandarkar Oriental Research Institute, Pune Bhandarkar Oriental Research Institute, Pune 01/08/1986   BORI-52261 BORI-52261 03/21/2016 03/21/2016 Book